000 00299nam a22001217a 4500
003 OSt
008 240802b |||||||| |||| 00| 0 eng d
100 _aJha, Ramesh Kumar.
245 _aPerspective Cand use Planning of Forestry in Bihar
260 _aPusa
_bRAU
300 _a106p.
942 _2ddc
_cDRB
999 _c43142
_d43142